000 00288nam a22001337a 4500
008 170918b xxu||||| |||| 00| 0 eng d
020 _a9780714823010
041 _aeng
080 _a7
100 _a44
101 _aART
245 _aA HANDBOOK OF ROMAN ART
_cHENIG,M
942 _2udc
_cBK
999 _c27967
_d27967